| 000 | 00421nam a2200145Ia 4500 | ||
|---|---|---|---|
| 008 | 211109s9999||||xx |||||||||||||| ||und|| | ||
| 082 |
_a894.81205 _bVAR-M |
||
| 100 | _aVarghese, M C | ||
| 245 | 0 | _aMangalam Varshika Pathippu | |
| 260 |
_bMangalam _aKannur _c1900 |
||
| 300 | _a300p. | ||
| 630 | _xReference reading room | ||
| 650 |
_aMalayalam literature _vLiterature & rhetoric _xMalayalam studyGeneralia |
||
| 942 | _cBOOK | ||
| 999 |
_c50913 _d50913 |
||